1771 1049 1496 1131 1988 1133 1201 1098 1299 1336 1411 1144 1375 1080 1074 1983 1238 1753 1115 1946 1805 1385 1930 1110 1037 1614 1419 1219 1095 1951 1254 1015 1964 1226 1652 1183 1250 1462 1052 1408 1018 1539 1781 1232 1057 1046 1115 1804 1830 1158 1201 1938 1911 1632 1972 1053 1062 1428 1351 1721 1843 1721 1830 1036 1555 1141 1538 1208 1478 1411 1881 1440 1057 1787 1528 1817 1275 1328 1061 1764 1561 1372 1984 1547 1421 1913 1423 1245 1220 1889 1540 1119 1242 1920 1814 1920 1588 1473 1874 BCNSPRNW ULIB Ver.6.0+V

เปลี่ยนเป็นภาษาไทย

Change to English
 แสดงรายละเอียดบรรณานุกรม
  กลับหน้าหลัก

Brief Record : Get Marc (ISO 2709) : E-mail record : QR code < ปิดหน้าต่าง
LEADER : 00000nam a2200000Ia 4500
001    13399125717
003     ULIB
008    090518s2551 th a 001 0 tha d
020    ^a9789749922781
060 04 ^aWY105^bว585ก
245 00 ^aการบริหารการพยาบาล /^cวิทยาลัยพยาบาลสภากาชาด ; รัชนี อยู่ศิริ,บรรณาธิการ
250    ^aพิมพ์ครั้งที่ 1
260    ^aกรุงเทพฯ :^bวิทยาลัย,^c2551
300    ^a327 หน้า :^bภาพประกอบ ;^c26 ซม.
650  4 ^aการพยาบาล^xการบริหาร
700 0  ^aรัชนี อยู่ศิริ,^eบรรณาธิการ
710 2  ^aวิทยาลัยพยาบาลสภากาชาด
945    ^p250^l0^i15467
995    ^aกัณชพร
999    ^aกัณชพร
รายการนี้ยังไม่มีแท็ก
คุณยังไม่ได้ล็อกอิน คุณสามารถมีกิจกรรมร่วมกับเว็บไซต์ได้ แต่ต้องล็อกอินก่อน ::
  ล็อกอิน

รายการสื่อสารสนเทศ

ลำดับที่ ประเภท เลขเรียก/บาร์โค้ด สถานที่ สถานะ
1. วิทยาศาสตร์การแพทย์ และสุขภาพ
วิทยาศาสตร์การแพทย์ และสุขภาพ
WY105 ว585ก ฉ.1 
  Barcode: 15467
ห้องสมุดวิทยาเขตนครสวรรค์
►ส่วนจัดเก็บหนังสือเก่า นว.
บนชั้น
  ขอยืม

BibComment


ยังไม่เคยถูกคอมเมนท์

คอมเมนท์ทรัพยากรรายการนี้
  คอมเมนท์: การบริหารการพยาบ..


 Copyright 2026. Bcnsprnw @Library